| 000 | 00344nam a2200157Ia 4500 | ||
|---|---|---|---|
| 001 | 3752 | ||
| 003 | Ost | ||
| 005 | 20260507154753.0 | ||
| 008 | 251113s9999||||xx |||||||||||||| ||eng|| | ||
| 040 | _cnitttr | ||
| 041 | _aeng | ||
| 082 |
_a620.1 _bH80E |
||
| 100 | _aHuang, T. C. | ||
| 245 | 0 |
_aEngineering mechanics. / _cHuang, T. C. |
|
| 942 | _cBK | ||
| 999 |
_c3649 _d3649 |
||